000 00727cam a22002297a 4500
001 4524038
005 20220326193321.0
008 990311s1997 cr a 000 1 spa
010 _a 99182883
020 _a9977968055
040 _aDLC
_cDLC
082 _aCR 863.7
_bA 655m
100 1 _aApuy, Otto,
_d1949-
_92597
245 1 0 _aMemoria hechizada :
_bnarrativa /
_cOtto Apuy.
250 _a1. ed.
260 _aSan José, Costa Rica :
_bPremiá Editores,
_c1997.
300 _a113 p. :
_bill. ;
_c21 cm.
650 _xLiteratura
_xFicción
_xLiteratura costarricense
_xS.20
_zCosta Rica
_92598
700 _aOtto Apuy
_92599
906 _a7
_bcbc
_corignew
_d4
_encip
_f19
_gy-gencatlg
999 _c576
_d576